| 000 | 00935nam a22002537a 4500 | ||
|---|---|---|---|
| 008 | 130821s2003 sp gr spa | ||
| 020 | _a8497593359 | ||
| 040 |
_aCo-BoUCM _cHenry Ríos (modificó) _dHenry Ríos (modificó) _bspa |
||
| 041 | 0 | 0 | _aspa |
| 100 | 1 |
_aCoetzee. J.M. _d1940 - _932721 |
|
| 245 | 1 | 0 |
_aEsperando a los bárbaros _cJ.M. Coetzee ; traducción Concha Manella y Luis Martínez Victorio |
| 260 |
_aBarcelona (España) _bMandadori _c2003 |
||
| 300 | _a223 páginas | ||
| 490 | 0 |
_aDebolsillo _aContemporánea _v342/2 |
|
| 650 | 0 | 4 |
_aImperialismo _vNovela _917199 |
| 650 | 0 | 4 |
_aLiteratura africana _918600 |
| 650 | 0 | 4 |
_aNovela sudafricana _920577 |
| 690 | _aLiteratura africana | ||
| 700 | 1 |
_aManella, Concha _etraductor _932722 |
|
| 700 | 1 |
_aMartinez, Victorio _etraductor _932723 |
|
| 765 | _aWaiting for the Barbarians | ||
| 942 |
_cLIBRO _a18 _e1 _mC673e _2DEWEY _h823.914 |
||
| 999 |
_c91805 _d91805 |
||